000 00460nam a2200193Ia 4500
005 20240823053417.0
008 240823s9999||||xx |||||||||||||| ||und||
020 _a978-1-4200-7202-0
041 _aENGLISH
082 _A621.4022 P9
100 _aWilliam S Janna
245 0 _aEngineering Heat Transfer
250 _a3rd
260 _c2009
_b"CRC Press,Boca "
500 _aYES
650 _aHeat Transfer
_bMechanical
942 _cBK
999 _c224095
_d224095